|
|
|
|
| LEADER |
00000cam a2200000 c 4500 |
| 001 |
536464499 |
| 003 |
DE-627 |
| 005 |
20240709205245.0 |
| 007 |
tu |
| 008 |
070710s1669 xx ||||| 00| ||lat c |
| 024 |
7 |
|
|a VD17 14:066500E
|2 vd17
|
| 026 |
|
|
|e o.um eous umb- e-e- C 1669A
|2 fei
|
| 035 |
|
|
|a (DE-627)536464499
|
| 035 |
|
|
|a (DE-576)9536464497
|
| 035 |
|
|
|a (DE-599)GBVVDS001543903
|
| 035 |
|
|
|a (VD17)001543903
|
| 040 |
|
|
|a DE-627
|b ger
|c DE-627
|e rakwb
|
| 041 |
|
|
|a lat
|
| 084 |
|
|
|a 1
|2 ssgn
|
| 100 |
1 |
|
|0 (DE-588)121051234
|0 (DE-627)081054882
|0 (DE-576)292517319
|4 aut
|a Pascha, Nikolaus Benedikt
|d 1643-1704
|
| 109 |
|
|
|a Pascha, Nikolaus Benedikt 1643-1704
|a Pascha, Nicolaus Benedikt 1643-1704
|a Pascha, N. B. 1643-1704
|a Pascha, Nicol. Benedict. 1643-1704
|a Pascha, Nicolaus Benedict 1643-1704
|a Pasch, Nicolaus Benedictus 1643-1704
|a Pasche, Nicolaus Benedictus 1643-1704
|a Pascha, Nicol. Bened. 1643-1704
|a Pasch, Nikolaus Benedikt 1643-1704
|a Bascha, Nicolaus Benedictus 1643-1704
|a Pascha, Nicolaus Benedictus 1643-1704
|a Pascha, Nikol. Bened. 1643-1704
|a Pascha, Nicolaus B. 1643-1704
|
| 245 |
1 |
0 |
|a Disputatio Metaphysica De Simplici Et Composito
|c Quam Sub Praesidio ... Dn. M. Nicolai Benedicti Paschae ... Publico Philosophantium examini subiicit Marcus Philippus Feurstein/ Ulma-Suevus. Autor & Respondens. Ad d. XXXI. Mart. ...
|
| 264 |
|
1 |
|a Wittebergae
|b Typis Hakianis
|c 1669
|
| 300 |
|
|
|a [8] Bl
|c 4°
|
| 336 |
|
|
|a Text
|b txt
|2 rdacontent
|
| 337 |
|
|
|a ohne Hilfsmittel zu benutzen
|b n
|2 rdamedia
|
| 338 |
|
|
|a Band
|b nc
|2 rdacarrier
|
| 500 |
|
|
|a Schlüsselseiten aus dem Exemplar der SLUB Dresden: Coll.diss.B.59,misc.75
|
| 655 |
|
7 |
|a Dissertation:phil
|0 (DE-627)096631163
|2 local
|
| 700 |
1 |
|
|a Feurstein, Marcus Philippus
|4 aut
|
| 700 |
1 |
|
|0 (DE-588)1037532872
|0 (DE-627)756100453
|0 (DE-576)391609866
|4 prt
|a Hake, Johann
|
| 710 |
2 |
|
|a Universität Wittenberg
|4 oth
|
| 751 |
|
|
|a Wittenberg
|4 pup
|
| 776 |
0 |
8 |
|i Erscheint auch als
|n CD-ROM-Ausgabe
|a Pascha, Nikolaus Benedikt, 1643 - 1704
|t Disputatio Metaphysica De Simplici Et Composito
|d Wittebergae : Typis Hakianis, 1669
|h [8] Bl
|w (DE-627)644764635
|w (DE-576)9644764633
|k Electronic
|
| 856 |
4 |
1 |
|u http://digital.slub-dresden.de/id363578587
|x Digitalisierung
|z // 2012 digitalisiert von꞉ SLUB Dresden. Exemplar mit der Signatur꞉ Coll.diss.B.59,misc.75
|z kostenfrei
|3 Volltext
|7 0
|
| 935 |
|
|
|a RFBW
|a mteo
|
| 951 |
|
|
|a BO
|
| ELC |
|
|
|b 1
|
| LOK |
|
|
|0 000 xxxxxcx a22 zn 4500
|
| LOK |
|
|
|0 001 4493072555
|
| LOK |
|
|
|0 003 DE-627
|
| LOK |
|
|
|0 004 536464499
|
| LOK |
|
|
|0 005 20240516141024
|
| LOK |
|
|
|0 008 240228||||||||||||||||ger|||||||
|
| LOK |
|
|
|0 040
|a DE-Tue135
|c DE-627
|d DE-Tue135
|
| LOK |
|
|
|0 092
|o n
|
| LOK |
|
|
|0 852
|a DE-Tue135
|
| LOK |
|
|
|0 852 1
|9 00
|
| LOK |
|
|
|0 866
|x SPQUE#Reformationsgeschichtliche Forschungsbibliothek Wittenberg#SPSAM#Predigerseminar#SPUSM#Altbestand#SPSYS#Dissertationen
|
| LOK |
|
|
|0 935
|a RFBW
|a bips
|a psab
|
| LOK |
|
|
|0 939
|a 28-02-24
|b l01
|
| OAS |
|
|
|a 1
|
| ORI |
|
|
|a SA-MARC-ixtheoa001.raw
|